[Event "Ambes op 3rd"]
[Site "Ambes"]
[Date "2010.04.27"]
[Round "4"]
[White "Babu, Anthony"]
[Black "Fantinel, Thibault"]
[Result "0-1"]
[WhiteElo "1919"]
[BlackElo "2187"]
[PlyCount "96"]
[EventDate "2010.04.24"]
[EventType "swiss"]
[EventRounds "9"]
[EventCountry "FRA"]
[SourceTitle "EXT 2011"]
[Source "ChessBase"]
[SourceDate "2010.11.26"]
[SourceVersion "1"]
[SourceVersionDate "2010.11.26"]
[SourceQuality "1"]

1. e4 c5 2. Nf3 e6 3. d4 cxd4 4. Nxd4 Nc6 5. Nc3 Qc7 6. Be2 a6 7. 0-0 Nf6 8. Bg5 Bb4 9. Nxc6 bxc6 10. Bf3 e5 11. a3 Be7 12. Be3 0-0 13. Na4 Rb8 14. Rb1 d6 15. c4 Be6 16. Qc2 Nd7 17. Rfd1 c5 18. Be2 Rfc8 19. Rdc1 h6 20. Bd3 Bg5 21. Bxg5 hxg5 22. Nc3 Rb6 23. Qe2 f6 24. Rd1 Rcb8 25. Na4 Rc6 26. b3 Nf8 27. Bc2 Qf7 28. Nc3 Rbc8 29. Qd3 Qh5 30. Nd5 Bxd5 31. Qxd5+ Qf7 32. Rd3 Ne6 33. Bd1 Nf4 34. Qxf7+ Kxf7 35. Re3 Rb8 36. Bg4 Ke7 37. g3 Ng6 38. Kf1 Rcb6 39. Ke2 a5 40. Kd2 a4 41. Kc2 Nh8 42. Ree1 axb3+ 43. Kb2 Nf7 44. Ra1 Nd8 45. a4 Nc6 46. Re3 Rb4 47. Rc3 Na5 48. Be2 Rh8 0-1

[Event "Mont de Marsan op 6th"]
[Site "Mont de Marsan"]
[Date "2006.12.26"]
[Round "2"]
[White "Babu, Anthony"]
[Black "Simon, Lionel"]
[Result "1-0"]
[WhiteElo "1880"]
[BlackElo "1730"]
[PlyCount "105"]
[EventDate "2006.12.26"]
[EventType "swiss"]
[EventRounds "9"]
[EventCountry "FRA"]
[SourceTitle "CBM 116 Extra"]
[Source "ChessBase"]
[SourceDate "2007.03.07"]
[SourceVersion "1"]
[SourceVersionDate "2007.03.07"]
[SourceQuality "1"]

1. e4 d6 2. Bc4 Nf6 3. Nc3 g6 4. d3 Bg7 5. Nge2 c6 6. a4 0-0 7. 0-0 e5 8. Bg5 Nbd7 9. Bb3 Nc5 10. Ba2 Be6 11. f4 Bxa2 12. Rxa2 Ncd7 13. Kh1 exf4 14. Bxf4 Nc5 15. Bg5 h6 16. Bh4 g5 17. Bf2 Ng4 18. Bg1 Qd7 19. Ng3 Nf6 20. Qf3 Rae8 21. Nf5 Qd8 22. Ne2 Ncd7 23. Nxg7 Kxg7 24. Ng3 Ne5 25. Qxf6+ Qxf6 26. Nh5+ Kg6 27. Nxf6 Re6 28. d4 Rxf6 29. Rxf6+ Kxf6 30. dxe5+ Kxe5 31. Bxa7 Kxe4 32. Ra1 Ra8 33. Bf2 Kf5 34. b3 Re8 35. Re1 Rxe1+ 36. Bxe1 g4 37. Kg1 Ke4 38. Kf2 h5 39. Ke2 f5 40. g3 d5 41. Bd2 d4 42. b4 Kd5 43. Kd3 c5 44. bxc5 Kxc5 45. a5 Kd5 46. Bb4 h4 47. gxh4 f4 48. Be1 Ke5 49. h5 f3 50. h6 Kf6 51. h7 Kg7 52. h8Q+ Kxh8 53. Ke4 1-0

[Event "Mont de Marsan op 6th"]
[Site "Mont de Marsan"]
[Date "2006.12.26"]
[Round "1"]
[White "Gipouloux, Laurent"]
[Black "Babu, Anthony"]
[Result "0-1"]
[WhiteElo "1775"]
[BlackElo "1880"]
[PlyCount "88"]
[EventDate "2006.12.26"]
[EventType "swiss"]
[EventRounds "9"]
[EventCountry "FRA"]
[SourceTitle "CBM 116 Extra"]
[Source "ChessBase"]
[SourceDate "2007.03.07"]
[SourceVersion "1"]
[SourceVersionDate "2007.03.07"]
[SourceQuality "1"]

1. e4 c5 2. b3 Nc6 3. Bb2 e6 4. g3 Qc7 5. Bg2 Nf6 6. d3 Be7 7. Nc3 a6 8. Nge2 d6 9. Qd2 Bd7 10. a4 0-0 11. Nd1 b5 12. Ne3 bxa4 13. Rxa4 Ra7 14. 0-0 Nd4 15. Raa1 Nxe2+ 16. Qxe2 Bc6 17. f4 Nd7 18. Nd5 exd5 19. exd5 Bxd5 20. Bxd5 Bf6 21. Bxf6 Nxf6 22. Bf3 Qb6 23. Qf2 Re8 24. Rfe1 Rae7 25. Rxe7 Rxe7 26. Re1 Qd8 27. Rxe7 Qxe7 28. Qe2 Kf8 29. Qxe7+ Kxe7 30. Kf2 d5 31. h3 d4 32. g4 Ne8 33. Be4 h6 34. Ke2 Nd6 35. Bf3 Kf6 36. Kd2 Nb5 37. Bb7 a5 38. Ba6 Nc3 39. Bb7 g5 40. f5 Ke5 41. Ke1 f6 42. Bg2 Kf4 43. Kf2 Nd1+ 44. Ke2 Ne3 0-1